|
|
|
|
| LEADER |
00000cam a2200000 a 4500 |
| 001 |
vtls001159482 |
| 003 |
SK-MaSNL |
| 005 |
20260302095014.0 |
| 008 |
240318s1983 ne c 0000j dut |
| 015 |
|
|
|a SNBA1983
|
| 035 |
|
|
|a SNK000102388
|
| 040 |
|
|
|a SNK
|b slo
|c SNK
|e AACR2
|
| 041 |
0 |
|
|a dut
|
| 044 |
|
|
|a ne
|c NL
|
| 080 |
|
|
|a 22.09(084.12)
|2 1981
|
| 100 |
1 |
|
|a Hadaway, Bridget
|4 aut
|9 10223
|
| 245 |
1 |
0 |
|a Bijbel voor kinderen
|c Bridget Hadaway, Jean Atcheson
|
| 260 |
|
|
|a Baarn
|b Market Books
|c 1983
|
| 300 |
|
|
|a 304 s.
|c 4°
|
| 650 |
0 |
7 |
|a biblické dejiny
|2 SNKPH
|9 1915
|
| 655 |
|
7 |
|a publikácie pre deti
|2 SNKPH
|9 70148
|
| 700 |
1 |
|
|a Atcheson, Jean
|4 aut
|9 444687
|
| 958 |
|
|
|a OND
|
| 958 |
|
|
|a TL
|
| 958 |
|
|
|a DB
|
| 958 |
|
|
|a NT
|
| 999 |
|
|
|c 1215413
|d 1217343
|
| 952 |
|
|
|a SNK
|b SNK
|y PREZ
|7 0
|p 17A0779036
|o snkSB 36596
|0 0
|1 0
|4 0
|d 2014-03-04
|f 1
|l 0
|r 2025-04-15 00:00:00
|w 2026-02-24
|